000 00844nam a2200253Ia 4500
003 OSt
005 20220927104053.0
006 a|||||r|||| 00| 0
007 ta
008 220926b |||||||| |||| 00| 0 eng d
024 _a106585
037 _cReference Collections
040 _aRTL
_cRTL
_beng
041 _2eng
_aeng
082 _a"X9(J482):54.1.N8, M4/UN"
110 _aUnited Nations conference on Trade and Development
245 0 _aStudies in the processing marketing and distribution of commodities.
260 _aNew
_bYork United Nations USA
_c1984
300 _a81p.
_ccm.
650 _aAgriculture Industry-- Coffee
_9362574
700 _aUnited Nations conference on Trade and Development
942 _h"X9(J482):54.1.N8, M4/UN"
_cCC
999 _c685338
_d685338